[Event "Wch U20 Blitz"]
[Site "Pula"]
[Date "2023.10.14"]
[Round "4"]
[White "Pasti, Aron"]
[Black "Globus, Or"]
[Result "0-1"]
[WhiteElo "2394"]
[BlackElo "2434"]
[PlyCount "56"]
[EventDate "2023.10.14"]
[EventType "swiss (blitz)"]
[EventRounds "11"]
[EventCountry "ITA"]
[SourceTitle "Mega2024 Update 01"]
[Source "Chessbase"]
[SourceDate "2023.11.12"]
[SourceVersion "1"]
[SourceVersionDate "2023.11.12"]
[SourceQuality "1"]

1. e4 e5 2. Nf3 Nc6 3. Bb5 a6 4. Ba4 Nf6 5. 0-0 b5 6. Bb3 Bc5 7. c3 d6 8. d4 Bb6 9. a4 Rb8 10. a5 Ba7 11. h3 0-0 12. Re1 h6 13. Na3 exd4 14. cxd4 Nxa5 15. Ba2 Nc6 16. Nc2 Re8 17. d5 Na5 18. Nfd4 Nxe4 19. b4 Qf6 20. f3 c5 21. bxa5 cxd4 22. Qd3 Bf5 23. fxe4 Bxe4 24. Rxe4 Rxe4 25. Bb2 Rbe8 26. Rf1 Qg5 27. Nxd4 Qe5 28. Qf3 Bxd4+ 0-1

[Event "Wch U20 Rapid"]
[Site "Pula"]
[Date "2023.10.12"]
[Round "11"]
[White "Globus, Or"]
[Black "Sahidi, Samir"]
[Result "1-0"]
[WhiteElo "2434"]
[BlackElo "2476"]
[PlyCount "32"]
[EventDate "2023.10.10"]
[EventType "swiss (rapid)"]
[EventRounds "11"]
[EventCountry "ITA"]
[SourceTitle "Mega2024 Update 01"]
[Source "Chessbase"]
[SourceDate "2023.11.12"]
[SourceVersion "1"]
[SourceVersionDate "2023.11.12"]
[SourceQuality "1"]

1. d4 Nf6 2. c4 g6 3. g3 Bg7 4. Bg2 0-0 5. Nc3 c5 6. Nf3 d5 7. cxd5 Nxd5 8. Nxd5 Qxd5 9. 0-0 cxd4 10. Be3 Rd8 11. Nxd4 Qc4 12. Rc1 Qxa2 13. Ne6 Re8 14. Nc7 Nc6 15. Nxe8 Bxb2 16. Rxc6 bxc6 1-0

[Event "Wch U20 Rapid"]
[Site "Pula"]
[Date "2023.10.11"]
[Round "6"]
[White "Haug, Havard"]
[Black "Globus, Or"]
[Result "0-1"]
[WhiteElo "2209"]
[BlackElo "2434"]
[PlyCount "158"]
[EventDate "2023.10.10"]
[EventType "swiss (rapid)"]
[EventRounds "11"]
[EventCountry "ITA"]
[SourceTitle "Mega2024 Update 01"]
[Source "Chessbase"]
[SourceDate "2023.11.12"]
[SourceVersion "1"]
[SourceVersionDate "2023.11.12"]
[SourceQuality "1"]

1. e4 e5 2. Nf3 Nc6 3. Bc4 Bc5 4. c3 Nf6 5. d3 0-0 6. 0-0 d6 7. Re1 a5 8. h3 h6 9. Nbd2 Be6 10. Bb5 Qb8 11. Nf1 Qa7 12. Be3 Bxe3 13. Nxe3 Ne7 14. d4 Nxe4 15. Bd3 exd4 16. Nxd4 Nf6 17. Nec2 Ned5 18. Qd2 Rae8 19. c4 Nb6 20. b3 Nbd7 21. f4 Nc5 22. Kh2 d5 23. Bf5 Bxf5 24. Nxf5 Nce4 25. Qd3 dxc4 26. bxc4 Qc5 27. Nfd4 Qd6 28. Qf3 Nd2 29. Qf2 Nfe4 30. Qe3 Nxc4 31. Qf3 Ncd2 32. Qe3 c5 33. Nb5 Qd7 34. a4 Nc4 35. Qf3 Ned2 36. Qg3 Rxe1 37. Rxe1 Re8 38. Rd1 Qf5 39. Nca3 Ne4 40. Qf3 Nxa3 41. Nxa3 Nf6 42. Nb5 Re4 43. Rf1 Qd7 44. Rd1 Qe7 45. Nc3 Rd4 46. Rb1 Rb4 47. Rd1 Qc7 48. g3 Qe7 49. Rd2 h5 50. g4 hxg4 51. hxg4 Rb3 52. g5 Qe3 53. Qxe3 Ng4+ 54. Kg1 Nxe3 55. Ne4 b6 56. g6 fxg6 57. Ng5 Kf8 58. Rd7 Nf5 59. Rb7 Nd4 60. Nh7+ Ke8 61. Rxg7 Rf3 62. Rxg6 c4 63. Rxb6 c3 64. Nf6+ Kf7 65. Ne4 c2 66. Rb7+ Kg6 67. Rc7 Re3 68. f5+ Kxf5 69. Nd6+ Ke6 70. Nb7 Re1+ 71. Kf2 c1Q 72. Rxc1 Rxc1 73. Nxa5 Kd5 74. Ke3 Rc3+ 75. Kd2 Ra3 76. Nb7 Rxa4 77. Kc3 Ra3+ 78. Kd2 Ra7 79. Nd8 Rd7 0-1

[Event "ISR-chT"]
[Site "Israel"]
[Date "2023.02.10"]
[Round "7.1"]
[White "Globus, Or"]
[Black "Abergel, Thal"]
[Result "1/2-1/2"]
[WhiteElo "2411"]
[BlackElo "2392"]
[PlyCount "26"]
[EventDate "2023.01.11"]
[EventType "team-tourn"]
[EventRounds "11"]
[EventCountry "ISR"]
[SourceTitle "EXT 2024"]
[Source "ChessBase"]
[SourceDate "2023.10.10"]
[SourceVersion "1"]
[SourceVersionDate "2023.10.10"]
[SourceQuality "1"]
[WhiteTeam "Ramat Gan Etude"]
[BlackTeam "Netanya"]
[WhiteTeamCountry "ISR"]
[BlackTeamCountry "ISR"]

1. Nf3 c5 2. c4 Nc6 3. Nc3 g6 4. g3 Bg7 5. Bg2 d6 6. 0-0 Nh6 7. d4 cxd4 8. Bxh6 Bxh6 9. Nxd4 Bd7 10. e3 0-0 11. Qe2 Bg7 12. Rfd1 Rc8 13. Rac1 b6 1/2-1/2

[Event "ISR-chT"]
[Site "Israel"]
[Date "2023.02.04"]
[Round "6.5"]
[White "Globus, Or"]
[Black "Khmelniker, Ilya"]
[Result "1/2-1/2"]
[WhiteElo "2411"]
[BlackElo "2476"]
[PlyCount "54"]
[EventDate "2023.01.11"]
[EventType "team-tourn"]
[EventRounds "11"]
[EventCountry "ISR"]
[SourceTitle "EXT 2024"]
[Source "ChessBase"]
[SourceDate "2023.10.10"]
[SourceVersion "1"]
[SourceVersionDate "2023.10.10"]
[SourceQuality "1"]
[WhiteTeam "Ramat Gan Etude"]
[BlackTeam "Beer Sheva II"]
[WhiteTeamCountry "ISR"]
[BlackTeamCountry "ISR"]

1. d4 Nf6 2. c4 g6 3. g3 Bg7 4. Bg2 c6 5. e4 d6 6. Nc3 0-0 7. Nf3 c5 8. d5 b5 9. cxb5 a6 10. b6 Nbd7 11. 0-0 Nxb6 12. Re1 Nfd7 13. Qc2 a5 14. Nb5 a4 15. Bd2 Ba6 16. Bf1 Nf6 17. Rad1 Qd7 18. Nc3 Bxf1 19. Rxf1 Nc4 20. Bc1 Rfb8 21. Qe2 Nb6 22. Kg2 Qb7 23. Rfe1 Nfd7 24. h4 a3 25. Qc2 axb2 26. Bxb2 Nc4 27. Ba1 Na3 1/2-1/2

[Event "EU-ch 22nd"]
[Site "Terme Catez"]
[Date "2022.04.05"]
[Round "10"]
[White "Globus, Or"]
[Black "Yordanov, Lachezar"]
[Result "1-0"]
[WhiteElo "2414"]
[BlackElo "2318"]
[PlyCount "61"]
[EventDate "2022.03.27"]
[EventType "swiss"]
[EventRounds "11"]
[EventCountry "SLO"]
[SourceTitle "CBM 208"]
[Source "ChessBase"]
[SourceDate "2022.06.30"]
[SourceVersion "1"]
[SourceVersionDate "2022.06.30"]
[SourceQuality "1"]

1. d4 Nf6 2. c4 e6 3. g3 d5 4. Bg2 Bb4+ 5. Nd2 0-0 6. Ngf3 dxc4 7. Qc2 a5 8. a3 Bxd2+ 9. Bxd2 b5 10. a4 c6 11. h4 Bb7 12. h5 h6 13. g4 Nxg4 14. Bh3 f5 15. Rg1 c5 16. axb5 Nd7 17. Bxg4 fxg4 18. Rxg4 Bxf3 19. exf3 Kh8 20. 0-0-0 Rf7 21. Bc3 cxd4 22. Rgxd4 Qg5+ 23. f4 Qxb5 24. Qg6 Kg8 25. Rxd7 Rxd7 26. Qxe6+ Rf7 27. Rg1 Qf5 28. Rxg7+ Kf8 29. Qd6+ Ke8 30. Qc6+ Ke7 31. Qb7+ 1-0

[Event "EU-ch 22nd"]
[Site "Terme Catez"]
[Date "2022.04.03"]
[Round "8"]
[White "Globus, Or"]
[Black "Marn, Jan"]
[Result "1/2-1/2"]
[WhiteElo "2414"]
[BlackElo "2232"]
[PlyCount "43"]
[EventDate "2022.03.27"]
[EventType "swiss"]
[EventRounds "11"]
[EventCountry "SLO"]
[SourceTitle "CBM 208"]
[Source "ChessBase"]
[SourceDate "2022.06.30"]
[SourceVersion "1"]
[SourceVersionDate "2022.06.30"]
[SourceQuality "1"]

1. d4 Nf6 2. c4 g6 3. Nc3 d5 4. cxd5 Nxd5 5. e4 Nxc3 6. bxc3 Bg7 7. Bb5+ c6 8. Ba4 0-0 9. Ne2 b5 10. Bb3 Bb7 11. h4 c5 12. h5 Bxe4 13. f3 Bd5 14. hxg6 hxg6 15. Bh6 c4 16. Qd2 cxb3 17. Bxg7 Kxg7 18. Qh6+ Kf6 19. Qf4+ Kg7 20. Qh6+ Kf6 21. Qh4+ Kg7 22. Qh6+ 1/2-1/2

[Event "Titled Tuesday intern op 08th Mar Late"]
[Site "Chess.com INT"]
[Date "2022.03.08"]
[Round "5"]
[White "Cardoso Cardoso, Jose Gabriel"]
[Black "Globus, Or"]
[Result "1-0"]
[WhiteElo "2460"]
[BlackElo "2414"]
[PlyCount "99"]
[EventDate "2022.03.08"]
[EventType "swiss (blitz)"]
[EventRounds "11"]
[EventCountry "USA"]
[SourceTitle "CBM 207 Extra"]
[Source "ChessBase"]
[SourceDate "2022.05.31"]
[SourceVersion "1"]
[SourceVersionDate "2022.05.31"]
[SourceQuality "1"]

1. c4 Nf6 2. Nc3 d5 3. cxd5 Nxd5 4. e4 Nxc3 5. dxc3 Qxd1+ 6. Kxd1 e5 7. Kc2 Bc5 8. f3 Be6 9. h4 h5 10. Ne2 Nd7 11. Ng3 g6 12. Be2 0-0-0 13. Nf1 f5 14. Ne3 Nf6 15. exf5 gxf5 16. Nc4 Bxc4 17. Bxc4 f4 18. Be6+ Kb8 19. Re1 Bd6 20. Bd2 Rde8 21. Bf5 Rhg8 22. Re2 Nd5 23. Rae1 Bc5 24. Be4 Ne3+ 25. Bxe3 Bxe3 26. Bd5 Rg3 27. Kd3 c6 28. Bf7 e4+ 29. fxe4 Re7 30. Bxh5 Bf2+ 31. Bf3 Bxe1 32. Rxe1 Rh7 33. Rh1 Kc7 34. e5 Kd7 35. Ke4 Ke6 36. Kxf4 Rgg7 37. Bg4+ Kd5 38. Rd1+ Kc5 39. g3 Rf7+ 40. Bf5 Rh5 41. g4 Rxh4 42. e6 Re7 43. Rd7 Re8 44. e7 Rh6 45. Ke5 Rh1 46. Kf6 Re1 47. g5 Kb6 48. g6 c5 49. Be6 Kc6 50. Rd8 1-0

[Event "Titled Tuesday intern op 08th Mar Late"]
[Site "Chess.com INT"]
[Date "2022.03.08"]
[Round "10"]
[White "Globus, Or"]
[Black "Bryakin, Mikhail"]
[Result "1-0"]
[WhiteElo "2414"]
[BlackElo "2473"]
[PlyCount "75"]
[EventDate "2022.03.08"]
[EventType "swiss (blitz)"]
[EventRounds "11"]
[EventCountry "USA"]
[SourceTitle "CBM 207 Extra"]
[Source "ChessBase"]
[SourceDate "2022.05.31"]
[SourceVersion "1"]
[SourceVersionDate "2022.05.31"]
[SourceQuality "1"]

1. c4 g6 2. Nc3 Bg7 3. g3 Nf6 4. Bg2 0-0 5. Nf3 d6 6. 0-0 Nc6 7. d4 a6 8. b3 Rb8 9. d5 Na5 10. Bg5 b5 11. cxb5 axb5 12. b4 Nc4 13. Nd4 Bd7 14. Qb3 h6 15. Bxf6 Bxf6 16. Rfd1 Nb6 17. Rac1 Na4 18. Ne4 Bg7 19. e3 Nb6 20. Nc3 Qe8 21. Bf1 Bxd4 22. exd4 e6 23. Re1 Kg7 24. Bh3 Nc4 25. dxe6 fxe6 26. Nxb5 Bxb5 27. Bxe6 Nd2 28. Rxc7+ Kh8 29. Qe3 Nf3+ 30. Kh1 g5 31. Qe4 Bd7 32. Rxd7 Qxd7 33. Bxd7 Nxe1 34. Qg6 Rxb4 35. Qxh6+ Kg8 36. Be6+ Rf7 37. Qg6+ Kh8 38. Bxf7 1-0

[Event "Titled Tuesday intern op 08th Mar Late"]
[Site "Chess.com INT"]
[Date "2022.03.08"]
[Round "4"]
[White "Globus, Or"]
[Black "Gadimbayli, Abdulla Azar"]
[Result "1-0"]
[WhiteElo "2414"]
[BlackElo "2451"]
[PlyCount "57"]
[EventDate "2022.03.08"]
[EventType "swiss (blitz)"]
[EventRounds "11"]
[EventCountry "USA"]
[SourceTitle "CBM 207 Extra"]
[Source "ChessBase"]
[SourceDate "2022.05.31"]
[SourceVersion "1"]
[SourceVersionDate "2022.05.31"]
[SourceQuality "1"]

1. c4 Nf6 2. Nc3 Nc6 3. Nf3 e5 4. e4 Bc5 5. Nxe5 Nxe5 6. d4 Bb4 7. dxe5 Nxe4 8. Qf3 Nxc3 9. bxc3 Ba5 10. Be2 Qe7 11. Qg3 0-0 12. Bg5 Qa3 13. 0-0 Qxc3 14. Bd3 d6 15. Bf6 g6 16. Qg5 Qd2 17. f4 Bh3 18. Rf2 Bb6 19. Raf1 Bxf2+ 20. Rxf2 Qd1+ 21. Bf1 Qh5 22. Qxh5 gxh5 23. gxh3 Rfe8 24. Rg2+ Kf8 25. Rg7 Re6 26. Rxh7 Rxf6 27. exf6 Kg8 28. Rg7+ Kf8 29. Be2 1-0

[Event "Titled Tuesday intern op 08th Mar Late"]
[Site "Chess.com INT"]
[Date "2022.03.08"]
[Round "7"]
[White "Globus, Or"]
[Black "Yuan, Qingyu"]
[Result "1-0"]
[WhiteElo "2414"]
[BlackElo "2373"]
[PlyCount "157"]
[EventDate "2022.03.08"]
[EventType "swiss (blitz)"]
[EventRounds "11"]
[EventCountry "USA"]
[SourceTitle "CBM 207 Extra"]
[Source "ChessBase"]
[SourceDate "2022.05.31"]
[SourceVersion "1"]
[SourceVersionDate "2022.05.31"]
[SourceQuality "1"]

1. c4 g6 2. g3 c5 3. Bg2 Bg7 4. Nc3 Nc6 5. Nf3 e6 6. h4 h6 7. e3 Nge7 8. d4 cxd4 9. Nxd4 0-0 10. 0-0 d5 11. cxd5 exd5 12. Qb3 Nxd4 13. exd4 Be6 14. Qxb7 Rb8 15. Qxa7 Nc6 16. Qa4 Nxd4 17. Bxh6 Bxh6 18. Qxd4 Rxb2 19. Nxd5 Bg7 20. Qd3 Rb6 21. Rad1 Rb2 22. Qa3 Qb8 23. Ne7+ Kh8 24. h5 Rxa2 25. Qf3 Qa7 26. Nc6 Qa3 27. Qxa3 Rxa3 28. hxg6 fxg6 29. Be4 g5 30. Kg2 Ra2 31. Ne7 Rf6 32. Rd8+ Bf8 33. Ng6+ Kg7 34. Nxf8 Rxf8 35. Rxf8 Kxf8 36. Kf3 Bf7 37. Ke3 Ra3+ 38. Kd4 Ra4+ 39. Ke5 Ke7 40. Rd1 Ra5+ 41. Bd5 Bg6 42. Rc1 Rb5 43. Rc7+ Kd8 44. Rg7 Be8 45. Rxg5 Rb2 46. Kd6 Rxf2 47. Rg8 Rf6+ 48. Ke5 Ra6 49. Bf7 Ra5+ 50. Kd4 Ra4+ 51. Kd3 Ra3+ 52. Kd2 Ke7 53. Bxe8 Ra8 54. Bf7 Ra7 55. Bc4 Kf6 56. Be2 Rd7+ 57. Ke1 Kf7 58. Rg5 Kf6 59. Ra5 Rg7 60. g4 Re7 61. Kf2 Kg6 62. Bf3 Kf6 63. Kg3 Kg7 64. Kf4 Rc7 65. Rb5 Rc4+ 66. Be4 Rc7 67. g5 Kf7 68. Rb7 Rxb7 69. Bxb7 Kg7 70. Be4 Kh8 71. Kf5 Kg7 72. Bd5 Kh8 73. Be4 Kg7 74. g6 Kh8 75. Kf6 Kg8 76. Bd5+ Kh8 77. g7+ Kh7 78. g8Q+ Kh6 79. Qg6# 1-0

[Event "Titled Tuesday intern op 08th Mar Late"]
[Site "Chess.com INT"]
[Date "2022.03.08"]
[Round "8"]
[White "Kamsky, Gata"]
[Black "Globus, Or"]
[Result "1-0"]
[WhiteElo "2658"]
[BlackElo "2414"]
[PlyCount "61"]
[EventDate "2022.03.08"]
[EventType "swiss (blitz)"]
[EventRounds "11"]
[EventCountry "USA"]
[SourceTitle "CBM 207 Extra"]
[Source "ChessBase"]
[SourceDate "2022.05.31"]
[SourceVersion "1"]
[SourceVersionDate "2022.05.31"]
[SourceQuality "1"]

1. Nf3 Nf6 2. g3 g6 3. Bg2 Bg7 4. 0-0 0-0 5. c4 d6 6. Nc3 Nbd7 7. Rb1 e5 8. d3 Re8 9. b4 e4 10. Nxe4 Nxe4 11. dxe4 Rxe4 12. Nd2 Re8 13. Bb2 Bxb2 14. Rxb2 a5 15. b5 Qf6 16. Rc2 Nc5 17. Nb3 Bf5 18. Rc1 Bg4 19. Re1 a4 20. Nxc5 dxc5 21. Bxb7 Rad8 22. Bd5 h5 23. Qd3 h4 24. f3 hxg3 25. hxg3 Qg5 26. Kf2 Bf5 27. e4 Be6 28. Qe3 Qe5 29. Qc3 Qg5 30. Rh1 f6 31. f4 1-0

[Event "ISR-chT"]
[Site "Israel"]
[Date "2022.02.19"]
[Round "8.3"]
[White "Globus, Or"]
[Black "Smirin, Ilia"]
[Result "0-1"]
[WhiteElo "2425"]
[BlackElo "2614"]
[PlyCount "68"]
[EventDate "2022.01.14"]
[EventType "team-tourn"]
[EventRounds "11"]
[EventCountry "ISR"]
[SourceTitle "EXT 2023"]
[Source "ChessBase"]
[SourceDate "2022.10.05"]
[SourceVersion "1"]
[SourceVersionDate "2022.10.05"]
[SourceQuality "1"]
[WhiteTeam "Ramat Gan Etude"]
[BlackTeam "Ashdod"]
[WhiteTeamCountry "ISR"]
[BlackTeamCountry "ISR"]

1. d4 Nf6 2. c4 g6 3. g3 c5 4. Nf3 Bg7 5. Bg2 Qa5+ 6. Nc3 Ne4 7. Bd2 Nxd2 8. Qxd2 Nc6 9. Nb5 Qxd2+ 10. Kxd2 0-0 11. dxc5 Bxb2 12. Rab1 Bg7 13. Ng5 Rb8 14. f4 a6 15. Nc7 Rd8 16. Rhd1 h6 17. Ne4 d6 18. Ke1 Bf5 19. g4 Bxg4 20. cxd6 exd6 21. Nxd6 Bc3+ 22. Kf2 Bd4+ 23. Kg3 Bxe2 24. Rd2 Rxd6 25. Rxe2 Bc5 26. Nd5 Nd4 27. Reb2 b5 28. a4 b4 29. Nxb4 Nf5+ 30. Kf3 Rxb4 31. Rxb4 Nh4+ 32. Kg3 Rd3+ 33. Bf3 Nf5+ 34. Kg2 Bxb4 0-1

[Event "ISR-chT"]
[Site "Israel"]
[Date "2022.02.18"]
[Round "7.1"]
[White "Globus, Or"]
[Black "Yaniv, Yuval"]
[Result "1-0"]
[WhiteElo "2425"]
[BlackElo "2339"]
[PlyCount "99"]
[EventDate "2022.01.14"]
[EventType "team-tourn"]
[EventRounds "11"]
[EventCountry "ISR"]
[SourceTitle "EXT 2023"]
[Source "ChessBase"]
[SourceDate "2022.10.05"]
[SourceVersion "1"]
[SourceVersionDate "2022.10.05"]
[SourceQuality "1"]
[WhiteTeam "Ramat Gan Etude"]
[BlackTeam "Tel Aviv"]
[WhiteTeamCountry "ISR"]
[BlackTeamCountry "ISR"]

1. c4 e6 2. Nc3 d5 3. d4 Nf6 4. Nf3 h6 5. cxd5 exd5 6. Bf4 Bd6 7. Bg3 0-0 8. e3 Bf5 9. Bd3 Bxd3 10. Qxd3 c6 11. 0-0 Bxg3 12. hxg3 Nbd7 13. b4 a6 14. Na4 b5 15. Nc5 Nxc5 16. dxc5 Re8 17. Nd4 Qc7 18. a4 g6 19. Ra2 Ng4 20. Rfa1 Rac8 21. Qd1 Re4 22. axb5 axb5 23. Ra8 Rxa8 24. Rxa8+ Kg7 25. Qa1 Nf6 26. Qa7 Qe5 27. Qb8 Qxb8 28. Rxb8 Nd7 29. Rc8 Ne5 30. Kf1 Nd3 31. Rxc6 Nxb4 32. Rb6 Re8 33. Rxb5 Na6 34. c6 Nc7 35. Rb7 Rc8 36. Ke2 Kf6 37. Kd3 Ne6 38. Nxe6 fxe6 39. c7 Ke5 40. f4+ Kd6 41. Kd4 Rxc7 42. Rxc7 Kxc7 43. Ke5 Kd7 44. g4 Ke7 45. g5 hxg5 46. fxg5 Kd7 47. g3 Ke7 48. g4 Kd7 49. Kf6 e5 50. Kxe5 1-0

[Event "ISR-chT"]
[Site "Israel"]
[Date "2022.01.22"]
[Round "4.5"]
[White "Globus, Or"]
[Black "Erenberg, Ariel"]
[Result "0-1"]
[WhiteElo "2425"]
[BlackElo "2512"]
[PlyCount "87"]
[EventDate "2022.01.14"]
[EventType "team-tourn"]
[EventRounds "11"]
[EventCountry "ISR"]
[SourceTitle "EXT 2023"]
[Source "ChessBase"]
[SourceDate "2022.10.05"]
[SourceVersion "1"]
[SourceVersionDate "2022.10.05"]
[SourceQuality "1"]
[WhiteTeam "Ramat Gan Etude"]
[BlackTeam "Kfar Saba"]
[WhiteTeamCountry "ISR"]
[BlackTeamCountry "ISR"]

1. c4 Nf6 2. Nc3 e5 3. Nf3 Nc6 4. g3 d5 5. cxd5 Nxd5 6. Bg2 Nb6 7. 0-0 Be7 8. b3 0-0 9. Bb2 Re8 10. Rc1 Bf8 11. d3 Nd4 12. Ne4 c6 13. Nxe5 Rxe5 14. e3 Rxe4 15. dxe4 Ne6 16. Qe2 a5 17. f4 a4 18. f5 Nc7 19. Rcd1 Qe8 20. Qg4 axb3 21. axb3 Nb5 22. e5 Ra2 23. Ba1 Nd5 24. Bxd5 cxd5 25. Rxd5 Qc6 26. Qc4 Qh6 27. Rf2 Qxe3 28. Qf4 Rxa1+ 29. Kg2 Qxf4 30. Rxf4 Ra2+ 31. Kf3 Nc7 32. Rd8 Be6 33. fxe6 Nxe6 34. Rb8 Nxf4 35. gxf4 Rxh2 36. Rxb7 g6 37. b4 Rb2 38. b5 Bh6 39. Rb8+ Kg7 40. Rb7 Rb4 41. e6 Rxf4+ 42. Kg3 Rf6 43. e7 Re6 44. b6 0-1

[Event "ISR-ch U18"]
[Site "HaKfar HaYarok"]
[Date "2021.03.25"]
[Round "8"]
[White "Globus, Or"]
[Black "Milikow, Yoav"]
[Result "1/2-1/2"]
[WhiteElo "2401"]
[BlackElo "2302"]
[PlyCount "29"]
[EventDate "2021.03.19"]
[EventType "swiss"]
[EventRounds "9"]
[EventCountry "ISR"]
[SourceTitle "EXT 2022"]
[Source "ChessBase"]
[SourceDate "2021.10.06"]
[SourceVersion "1"]
[SourceVersionDate "2021.10.06"]
[SourceQuality "1"]

1. d4 Nf6 2. c4 g6 3. g3 c6 4. Bg2 d5 5. Qa4 Nfd7 6. cxd5 Nb6 7. Qd1 cxd5 8. e3 Nc6 9. Ne2 Bf5 10. 0-0 Nb4 11. Nbc3 Bc2 12. Qe1 Bf5 13. Qd1 Bc2 14. Qe1 Bf5 15. Qd1 1/2-1/2

[Event "ISR-ch U18"]
[Site "HaKfar HaYarok"]
[Date "2021.03.24"]
[Round "7"]
[White "Tzidkiya, Yeshaayahu"]
[Black "Globus, Or"]
[Result "1/2-1/2"]
[WhiteElo "2380"]
[BlackElo "2401"]
[PlyCount "74"]
[EventDate "2021.03.19"]
[EventType "swiss"]
[EventRounds "9"]
[EventCountry "ISR"]
[SourceTitle "EXT 2022"]
[Source "ChessBase"]
[SourceDate "2021.10.06"]
[SourceVersion "1"]
[SourceVersionDate "2021.10.06"]
[SourceQuality "1"]

1. d4 d5 2. Nc3 Nf6 3. Bg5 Bf5 4. e3 e6 5. Nf3 Nbd7 6. Ne5 h6 7. Bf4 Bd6 8. Bd3 Bxd3 9. cxd3 Qe7 10. a3 a6 11. b4 a5 12. 0-0 axb4 13. axb4 0-0 14. Qb3 Bxe5 15. dxe5 Nh5 16. Rac1 g5 17. Bg3 Nxg3 18. hxg3 Nxe5 19. f4 Nxd3 20. Nxd5 exd5 21. Qxd3 c6 22. b5 Ra3 23. Rc3 Rfa8 24. bxc6 bxc6 25. Kh2 g4 26. Rfc1 Rxc3 27. Qxc3 Rc8 28. Ra1 Kh7 29. Qd4 Qe6 30. Qc5 Kg7 31. Ra7 Qf5 32. Re7 Qh5+ 33. Kg1 Rb8 34. Qc3+ Kg8 35. Rc7 Qg6 36. Rxc6 Rb1+ 37. Kf2 Rb2+ 1/2-1/2

[Event "ISR-ch U18"]
[Site "HaKfar HaYarok"]
[Date "2021.03.22"]
[Round "3"]
[White "Kochavi, Ori"]
[Black "Globus, Or"]
[Result "1/2-1/2"]
[WhiteElo "2273"]
[BlackElo "2401"]
[PlyCount "44"]
[EventDate "2021.03.19"]
[EventType "swiss"]
[EventRounds "9"]
[EventCountry "ISR"]
[SourceTitle "EXT 2022"]
[Source "ChessBase"]
[SourceDate "2021.10.06"]
[SourceVersion "1"]
[SourceVersionDate "2021.10.06"]
[SourceQuality "1"]

1. e4 e5 2. Bc4 Nf6 3. d3 c6 4. Nf3 d5 5. Bb3 a5 6. a4 Bb4+ 7. c3 Bd6 8. exd5 cxd5 9. Bg5 Be6 10. Na3 Nbd7 11. Nb5 Bb8 12. Bh4 0-0 13. h3 Re8 14. 0-0 h6 15. Re1 Ra6 16. Bg3 Bf5 17. d4 e4 18. Bxb8 Qxb8 19. Nh2 Rae6 20. Nf1 R6e7 21. Ne3 Be6 22. Ba2 Nb6 1/2-1/2

[Event "EU-ch qual Online"]
[Site "Tornelo INT"]
[Date "2020.12.18"]
[Round "2"]
[White "Globus, Or"]
[Black "Wagner, Dennis"]
[Result "0-1"]
[WhiteElo "2399"]
[BlackElo "2581"]
[PlyCount "72"]
[EventDate "2020.12.18"]
[EventType "swiss"]
[EventRounds "11"]
[EventCountry "POL"]
[SourceTitle "CBM 199 Extra"]
[Source "ChessBase"]
[SourceDate "2021.01.31"]
[SourceVersion "1"]
[SourceVersionDate "2021.01.31"]
[SourceQuality "1"]

1. c4 g6 2. d4 Nf6 3. g3 Bg7 4. Bg2 0-0 5. Nc3 Nc6 6. Nf3 d5 7. cxd5 Nxd5 8. 0-0 e5 9. Nxd5 e4 10. Nd2 Qxd5 11. e3 f5 12. b3 a5 13. Ba3 Nb4 14. Rc1 Rf7 15. Bxb4 axb4 16. Qc2 Be6 17. Rfd1 Qa5 18. Ra1 c5 19. Nc4 Qc7 20. d5 Bxd5 21. Rac1 Rd7 22. Qe2 Rad8 23. h4 Bc3 24. Kh2 b5 25. Nb2 Bc6 26. Rxd7 Rxd7 27. Rc2 Qd8 28. g4 Kh8 29. gxf5 gxf5 30. Qh5 Qf6 31. Bh3 Bxb2 32. Bxf5 Be5+ 33. Kh1 Rf7 34. Rxc5 Qxf5 35. Qxf5 Rxf5 36. Rxc6 Rxf2 0-1

[Event "EU-ch qual Online"]
[Site "Tornelo INT"]
[Date "2020.12.18"]
[Round "5"]
[White "Hjartarson, Johann"]
[Black "Globus, Or"]
[Result "0-1"]
[WhiteElo "2525"]
[BlackElo "2399"]
[PlyCount "82"]
[EventDate "2020.12.18"]
[EventType "swiss"]
[EventRounds "11"]
[EventCountry "POL"]
[SourceTitle "CBM 199 Extra"]
[Source "ChessBase"]
[SourceDate "2021.01.31"]
[SourceVersion "1"]
[SourceVersionDate "2021.01.31"]
[SourceQuality "1"]

1. e4 e5 2. Nf3 Nc6 3. Bb5 a6 4. Ba4 Nf6 5. 0-0 b5 6. Bb3 Bc5 7. c3 d6 8. d4 Bb6 9. Bg5 h6 10. Bh4 g5 11. Bg3 exd4 12. Nxd4 Nxd4 13. cxd4 Bb7 14. Nc3 b4 15. Nd5 Bxd5 16. exd5 0-0 17. Qd3 Qd7 18. a3 bxa3 19. bxa3 Rfe8 20. Bc4 Re4 21. Bxa6 Rxd4 22. Qb5 Qxb5 23. Bxb5 Nxd5 24. Bc6 Ra5 25. a4 Nc3 26. Rfe1 Nxa4 27. Re7 Nc5 28. Rae1 Ne6 29. Bd7 Nf8 30. Be8 Rf5 31. h3 Ng6 32. Bd7 Nxe7 33. Rxe7 Rf6 34. Bc6 Rd1+ 35. Kh2 Bxf2 36. Bxf2 Rxf2 37. Rxc7 Rc1 38. Rc8+ Kg7 39. Bd7 Rxc8 40. Bxc8 d5 41. Kg3 Rf4 0-1